[Event "35. DSenEM 65+"]
[Site "Bad Wildungen"]
[Date "2023.07.18"]
[Round "2.21"]
[White "Rosen, Willy"]
[Black "Nosek, Reinhard"]
[Result "1-0"]
[WhiteElo "2100"]
[BlackElo "1933"]
[Annotator "hugo5"]
[PlyCount "95"]
[EventDate "2023.??.??"]
[WhiteTeam "Schachfreunde Essen-Katernberg"]
[BlackTeam "SSV 1952 Torgau e. V."]

{[%evp 0,26,28,30,69,74,56,56,47,27,19,26,25,33,46,37,56,52,43,36,65,-44,66,77,77,40,31,22,29]} 1. e4 c6 2. d4 d5 3. exd5 cxd5 4. Bd3 Nf6 5. c3 Nc6 6. Bf4 Bg4 7. Qb3 Qb6 8. Qxb6 axb6 9. Na3 e5 10. dxe5 Ra4 11. exf6 Rxf4 12. Nb5 Rxf6 13. f3 Be6 14. Ne2 Ne5 15. O-O-O Bc5 16. Ned4 O-O 17. Rhe1 Nc6 18. Bc2 Rc8 19. Kb1 Bf8 20. Re2 Bd7 21. Bb3 Ne7 22. Rde1 Nf5 23. a4 Rc5 24. Bc2 Nd6 25. Bd3 g6 26. Kc2 Rc8 27. b3 Kg7 28. Re5 Bc6 29. Kb2 Ne8 30. Na7 Nd6 31. Nxc8 Nxc8 32. Nxc6 bxc6 33. Re8 Nd6 34. Rb8 c5 35. Kc2 c4 36. bxc4 Nxc4 37. Bxc4 dxc4 38. Rc8 Bc5 39. Re4 Rd6 40. Rxc4 Be3 41. Re8 Rd2+ 42. Kb3 Bg1 43. Rc7 Bxh2 44. Rb7 Bg1 45. Ree7 h5 46. Rxf7+ Kh6 47. f4 g5 48. Rf6# 1-0

[Event "35. DSenEM 65+"]
[Site "Bad Wildungen"]
[Date "2023.07.18"]
[Round "2.22"]
[White "Zimmermann, Manfred"]
[Black "Schmid, Wolfgang"]
[Result "0-1"]
[WhiteElo "1888"]
[BlackElo "2100"]
[PlyCount "90"]
[EventDate "2023.??.??"]
[WhiteTeam "Kieler Schachgesellschaft v.1884"]
[BlackTeam "Stuttgarter SF 1879"]

1. d4 Nf6 2. Bf4 d5 3. e3 c6 4. Nf3 Bg4 5. Be2 Bxf3 6. Bxf3 e6 7. Nd2 Bd6 8. Bg3 Qc7 9. a3 Nbd7 10. c4 O-O 11. O-O Rfe8 12. Rc1 Bxg3 13. hxg3 Qb6 14. Qc2 g6 15. g4 h6 16. c5 Qd8 17. Rfe1 e5 18. Nf1 e4 19. Be2 Nf8 20. b4 Qd7 21. Nh2 a6 22. Rb1 Ne6 23. Rec1 Kg7 24. a4 Nc7 25. Rb2 Ra7 26. Rcb1 Rc8 27. Qd1 Rb8 28. f4 g5 29. fxg5 hxg5 30. Nf1 Ng8 31. Ng3 Nh6 32. Qf1 Ne8 33. Nf5+ Nxf5 34. gxf5 Nf6 35. g4 Qc7 36. Qg2 Rh8 37. Bd1 Rh4 38. b5 axb5 39. axb5 Ra8 40. bxc6 bxc6 41. Rb7 Qa5 42. R7b4 Rah8 43. Be2 Rh3 44. R4b3 R8h4 45. Rd1 Qc7 0-1

[Event "35. DSenEM 65+"]
[Site "Bad Wildungen"]
[Date "2023.07.18"]
[Round "2.23"]
[White "Heinemann, Ernst"]
[Black "Dolezal, Hans-Peter"]
[Result "1-0"]
[WhiteElo "2100"]
[BlackElo "1815"]
[PlyCount "75"]
[EventDate "2023.??.??"]
[WhiteTeam "SK Union Oldenburg"]
[BlackTeam "FC Bayern Muenchen e.V."]

1. c4 c5 2. g3 Nf6 3. Bg2 e6 4. Nf3 Be7 5. O-O O-O 6. Nc3 Nc6 7. d4 cxd4 8. Nxd4 d5 9. cxd5 exd5 10. Bf4 a6 11. Re1 Nxd4 12. Qxd4 Be6 13. Be5 Rc8 14. Red1 Bc5 15. Qf4 Ng4 16. Bd4 Bxd4 17. Qxd4 Qf6 18. Qxf6 Nxf6 19. a3 Rfd8 20. Rd4 Rd7 21. Rad1 Rcd8 22. Na4 Kf8 23. Nc5 Rc7 24. b4 a5 25. e4 axb4 26. axb4 Ra8 27. exd5 Bg4 28. d6 Rxc5 29. bxc5 Bxd1 30. Rxd1 Rb8 31. Rb1 Nd7 32. Rb5 g6 33. Bd5 Rc8 34. Rxb7 Rxc5 35. Bxf7 Nf6 36. Be6 Rc1+ 37. Kg2 Rd1 38. Rf7+ 1-0

[Event "35. DSenEM 65+"]
[Site "Bad Wildungen"]
[Date "2023.07.18"]
[Round "2.24"]
[White "Walther, Renate"]
[Black "Namyslo, Holger"]
[Result "0-1"]
[WhiteElo "1222"]
[BlackElo "2085"]
[PlyCount "44"]
[EventDate "2023.??.??"]
[WhiteTeam "SK 1911 Herzogenaurach e.V."]
[BlackTeam "TG Biberach 1847 e.V."]

1. e4 c5 2. Nf3 Nc6 3. d4 cxd4 4. Nxd4 g6 5. Be2 Bg7 6. Be3 Nf6 7. Nc3 O-O 8. O-O d6 9. a4 Bd7 10. Nxc6 bxc6 11. f3 Be6 12. Qd2 Qc7 13. Rab1 Rfd8 14. Bf4 Rab8 15. Qe3 Rb4 16. Qf2 Rdb8 17. Be3 a5 18. Bd3 Rxb2 19. Ba7 Rxb1 20. Nxb1 Rb4 21. Nc3 Nd7 22. Qd2 Qxa7+ 0-1

[Event "35. DSenEM 65+"]
[Site "Bad Wildungen"]
[Date "2023.07.18"]
[Round "2.25"]
[White "Clemens, Christian"]
[Black "Beisinghoff, Rudolf"]
[Result "1-0"]
[WhiteElo "2225"]
[BlackElo "1610"]
[PlyCount "65"]
[EventDate "2023.??.??"]
[WhiteTeam "SC Braunschweig Gliesmarode 1869"]
[BlackTeam "SV Anderssen Arolsen"]

1. g3 d5 2. Nf3 Nc6 3. d4 Nf6 4. Bg2 Bg4 5. Ne5 Bh5 6. c4 e6 7. Nc3 Bb4 8. Bg5 h6 9. Bxf6 gxf6 10. cxd5 exd5 11. Nxc6 bxc6 12. Qa4 Qd6 13. O-O Bxc3 14. bxc3 O-O 15. Rfe1 Rfe8 16. e4 Re7 17. exd5 Rxe1+ 18. Rxe1 cxd5 19. c4 c6 20. Qa5 Qd8 21. Qc5 Bg6 22. Qxc6 Rc8 23. Qxd5 Qc7 24. c5 Bd3 25. c6 Qb6 26. Qd7 Rd8 27. Qg4+ Kh7 28. d5 f5 29. Qf4 Qa5 30. Rd1 Qa6 31. d6 Kg6 32. d7 Bb5 33. h4 1-0

[Event "35. DSenEM 65+"]
[Site "Bad Wildungen"]
[Date "2023.07.18"]
[Round "2.26"]
[White "Koehler, Gerhard"]
[Black "Haelsig, Guenter"]
[Result "1-0"]
[WhiteElo "2185"]
[BlackElo "1894"]
[PlyCount "91"]
[EventDate "2023.??.??"]
[WhiteTeam "USV Halle"]
[BlackTeam "USV Potsdam e.V., Abt. Schach"]

1. c4 f5 2. g3 d6 3. Bg2 Nf6 4. Nc3 c6 5. d4 g6 6. d5 e5 7. Nf3 Bg7 8. e4 O-O 9. exf5 Bxf5 10. Ng5 Qd7 11. O-O h6 12. Nge4 Nxe4 13. Nxe4 c5 14. Be3 Na6 15. a3 Kh7 16. Qd2 Nc7 17. b4 b6 18. Rab1 Rfb8 19. Rb3 Ne8 20. Rfb1 Qc7 21. Qd3 Qd8 22. h4 Kh8 23. Qd2 Nf6 24. f3 Kh7 25. bxc5 bxc5 26. Rxb8 Rxb8 27. Rxb8 Qxb8 28. Nxf6+ Bxf6 29. Bxh6 e4 30. fxe4 Qb1+ 31. Kh2 Bxe4 32. Bf4 Bf5 33. Be3 Qb3 34. Bg5 Be5 35. Bf4 Bxf4 36. Qxf4 Qxa3 37. Qxd6 Qb4 38. Qe7+ Kh6 39. d6 Qxc4 40. d7 Bxd7 41. Qxd7 a6 42. Qd8 Kg7 43. Qe7+ Kg8 44. Be4 Qe2+ 45. Kh3 Qf1+ 46. Kg4 1-0

[Event "35. DSenEM 65+"]
[Site "Bad Wildungen"]
[Date "2023.07.18"]
[Round "2.27"]
[White "Abel, Hans-Peter"]
[Black "Gruzmann, Boris"]
[Result "0-1"]
[WhiteElo "1761"]
[BlackElo "2162"]
[PlyCount "56"]
[EventDate "2023.??.??"]
[WhiteTeam "SC Leinfelden"]
[BlackTeam "Luebecker SV von 1873"]

1. d4 Nf6 2. c4 g6 3. g3 Bg7 4. Bg2 d6 5. Nc3 O-O 6. e4 Nc6 7. Nge2 e5 8. d5 Nd4 9. O-O c6 10. dxc6 bxc6 11. Nxd4 exd4 12. Qxd4 Nd5 13. Qd2 Nxc3 14. bxc3 Be6 15. Rd1 Qa5 16. Qe3 Rfd8 17. Bf1 Rab8 18. Bd2 Rb2 19. Be1 Rxa2 20. Rxa2 Qxa2 21. Qd3 c5 22. Qb1 Qa4 23. Qa1 Qd7 24. Qa6 f5 25. exf5 Bxf5 26. Bg2 Qe7 27. Kf1 Re8 28. Bf3 Bh3+ 0-1

[Event "35. DSenEM 65+"]
[Site "Bad Wildungen"]
[Date "2023.07.18"]
[Round "2.28"]
[White "Wenske, Hardy"]
[Black "Rydzewski, Klaus"]
[Result "0-1"]
[WhiteElo "1710"]
[BlackElo "2089"]
[PlyCount "58"]
[EventDate "2023.??.??"]
[WhiteTeam "Kieler SG von 1884"]
[BlackTeam "Schachverein Horst-Emscher 31"]

1. Nf3 Nf6 2. d4 d5 3. e3 Bg4 4. h3 Bh5 5. g4 Bg6 6. Ne5 Nbd7 7. Nxg6 hxg6 8. Bg2 c6 9. Nd2 e5 10. dxe5 Nxe5 11. b3 Bd6 12. Bb2 Qe7 13. Qe2 O-O-O 14. O-O-O Ba3 15. Rde1 Rhe8 16. f4 Ned7 17. e4 Bxb2+ 18. Kxb2 dxe4 19. Nxe4 Nxe4 20. Qxe4 Qf6+ 21. Kb1 Rxe4 22. Rxe4 Nc5 23. Rc4 Ne6 24. f5 gxf5 25. gxf5 Nd4 26. Be4 Nb5 27. a4 Nc3+ 28. Kc1 Nxe4 29. Rxe4 Qa1# 0-1

[Event "35. DSenEM 65+"]
[Site "Bad Wildungen"]
[Date "2023.07.18"]
[Round "2.29"]
[White "Schober, Ralf"]
[Black "Dierkes, Heinrich"]
[Result "1-0"]
[WhiteElo "2089"]
[BlackElo "1786"]
[PlyCount "49"]
[EventDate "2023.??.??"]
[WhiteTeam "SV 1919 Grimma"]
[BlackTeam "SK Koenigsspringer Wewelsburg"]

1. e4 Nf6 2. Nc3 d5 3. exd5 Nxd5 4. Bc4 e6 5. Qf3 c6 6. Nge2 Be7 7. d4 Nxc3 8. Qxc3 Nd7 9. O-O O-O 10. Qg3 Re8 11. Bf4 Nf6 12. Bc7 Qd7 13. Be5 Nh5 14. Qf3 g6 15. g4 Ng7 16. Ng3 Qd8 17. Ne4 Rf8 18. Nf6+ Kh8 19. h4 Bd6 20. Qf4 Bxe5 21. dxe5 Ne8 22. Rfd1 Qe7 23. Qh6 Nxf6 24. exf6 Qc5 25. Qg7# 1-0

[Event "35. DSenEM 65+"]
[Site "Bad Wildungen"]
[Date "2023.07.18"]
[Round "2.30"]
[White "Kannenberg, Karl-Heinz"]
[Black "Schmieder, Wolfgang Ernst"]
[Result "1-0"]
[WhiteElo "2081"]
[BlackElo "1754"]
[PlyCount "85"]
[EventDate "2023.??.??"]
[WhiteTeam "SC Kitzingen von 1905"]
[BlackTeam "SK Hofgeismar"]

1. d4 d5 2. Nf3 Nf6 3. Bf4 Bf5 4. c4 dxc4 5. Qa4+ c6 6. Qxc4 Qd5 7. Qc1 e6 8. a3 Bd6 9. Nc3 Bxf4 10. Nxd5 Bxc1 11. Nxf6+ gxf6 12. Rxc1 Nd7 13. e3 O-O-O 14. Be2 Kb8 15. O-O h5 16. Nh4 Bg6 17. Rfd1 f5 18. f4 Nb6 19. h3 Nd5 20. Kf2 Nf6 21. Bf3 Ne4+ 22. Bxe4 fxe4 23. Nxg6 fxg6 24. Rc5 Rd5 25. Kg3 Rhd8 26. Rdc1 Kc7 27. Kh4 R8d6 28. Rxd5 exd5 29. Kg5 Kd7 30. Rf1 Ke7 31. Rf2 Rf6 32. f5 Rxf5+ 33. Rxf5 gxf5 34. Kxf5 Kd6 35. g4 hxg4 36. hxg4 c5 37. g5 b6 38. g6 Ke7 39. Ke5 cxd4 40. Kxd4 Kf6 41. Kxd5 Kxg6 42. Kxe4 Kf6 43. Kd5 1-0

[Event "35. DSenEM 65+"]
[Site "Bad Wildungen"]
[Date "2023.07.18"]
[Round "2.31"]
[White "Hilbig, Dieter"]
[Black "Zimmermann, Rolf"]
[Result "0-1"]
[WhiteElo "1830"]
[BlackElo "2067"]
[PlyCount "62"]
[EventDate "2023.??.??"]
[WhiteTeam "ESV Gera"]
[BlackTeam "Duesseldorfer Schachklub 14/25 e"]

1. e4 c6 2. d4 d5 3. exd5 cxd5 4. Bd3 Nf6 5. Bf4 Bg4 6. Nf3 e6 7. Nbd2 Nc6 8. c3 Bd6 9. Bxd6 Qxd6 10. O-O O-O 11. Re1 Rfe8 12. Qc2 Rac8 13. a3 Bh5 14. Rac1 Rc7 15. Qb1 Bg6 16. Ne5 Nd7 17. Ndf3 Ncxe5 18. dxe5 Qb6 19. Bxg6 hxg6 20. Re2 Rec8 21. Qd3 Rc4 22. Ng5 Qd8 23. Qg3 d4 24. Qf4 Qe7 25. Re4 b5 26. Qh4 Nf8 27. Rce1 dxc3 28. bxc3 Rxe4 29. Rxe4 Rxc3 30. g3 Rxa3 31. Rf4 Ra4 0-1

[Event "35. DSenEM 65+"]
[Site "Bad Wildungen"]
[Date "2023.07.18"]
[Round "2.32"]
[White "Galow, Wolfgang Paul"]
[Black "Dorn, Hans-Juergen"]
[Result "1-0"]
[WhiteElo "2018"]
[BlackElo "1729"]
[PlyCount "77"]
[EventDate "2023.??.??"]
[WhiteTeam "FC Bayern Muenchen e.V."]
[BlackTeam "Schachclub Bayer Uerdingen 1923"]

1. Nf3 d5 2. e3 Nf6 3. b3 Bg4 4. c4 e6 5. Bb2 Nbd7 6. Nc3 c6 7. Be2 Be7 8. h3 Bxf3 9. Bxf3 O-O 10. d4 Qb6 11. O-O dxc4 12. Na4 Qc7 13. bxc4 Nb6 14. Rc1 Nxa4 15. Qxa4 Nd7 16. Qc2 Rac8 17. a4 Rfd8 18. Be4 h6 19. Bc3 Nf6 20. Bd3 c5 21. a5 a6 22. Rb1 Rd7 23. Rb6 Rd6 24. dxc5 Rxb6 25. cxb6 Qc5 26. Rb1 Qc6 27. e4 Kf8 28. Qe2 Qd7 29. e5 Ng8 30. Be4 Rb8 31. Rd1 Qc8 32. f4 Bc5+ 33. Kf1 Ne7 34. Qd2 Nf5 35. Bxf5 exf5 36. Bb4 g6 37. Bxc5+ Qxc5 38. Qd6+ Qxd6 39. Rxd6 1-0

[Event "35. DSenEM 65+"]
[Site "Bad Wildungen"]
[Date "2023.07.18"]
[Round "2.33"]
[White "Allgaier, Erik"]
[Black "Zechel, Rolf-Ruediger"]
[Result "1/2-1/2"]
[WhiteElo "1925"]
[BlackElo "1731"]
[PlyCount "70"]
[EventDate "2023.??.??"]
[WhiteTeam "Schachclub Hans Clauert Trebbin"]
[BlackTeam "SK Kaltenkirchen"]

1. f4 d5 2. Nf3 e6 3. d4 c5 4. e3 cxd4 5. exd4 Nf6 6. Bd3 Be7 7. Nbd2 O-O 8. Ne5 b6 9. Qe2 Qc7 10. O-O a5 11. c3 Ba6 12. Rf3 Bxd3 13. Qxd3 Nc6 14. a4 Na7 15. Rh3 g6 16. g4 Nc8 17. f5 Bd6 18. Ndf3 Bxe5 19. Nxe5 Nd6 20. Bh6 Rfe8 21. Rf1 Nfe4 22. f6 Nc4 23. Nxc4 Qxc4 24. Qxc4 dxc4 25. Be3 Rab8 26. Ra1 Nxf6 27. Bf4 Rbc8 28. Rg3 Nd5 29. Bg5 e5 30. dxe5 Rxe5 31. h4 Re2 32. Rg2 Rce8 33. Rd1 Re1+ 34. Rxe1 Rxe1+ 35. Kh2 f6 1/2-1/2

[Event "35. DSenEM 65+"]
[Site "Bad Wildungen"]
[Date "2023.07.18"]
[Round "2.34"]
[White "Wulf, Adalbert"]
[Black "Schubert, Hans-Joachim"]
[Result "1-0"]
[WhiteElo "1833"]
[BlackElo "1534"]
[Annotator "hugo5"]
[PlyCount "105"]
[EventDate "2023.??.??"]
[WhiteTeam "Schachverein Ennigerloh-Oelde"]
[BlackTeam "Schachgruppe Rochade Disteln"]

1. d3 d5 2. c3 c5 3. Nf3 Nf6 4. Bg5 Nbd7 5. Qc2 e6 6. e4 Qc7 7. Be2 h6 8. Bh4 Bd6 9. Bg3 Bxg3 10. hxg3 b6 11. Nbd2 Bb7 12. Rc1 O-O-O 13. O-O Kb8 14. exd5 exd5 15. d4 c4 16. b3 cxb3 17. axb3 Rc8 18. Bd3 h5 19. Qa2 Ne4 20. c4 Nxd2 21. Nxd2 Qd6 22. Ra1 a5 23. c5 bxc5 24. Qxa5 Qb6 25. Bf5 Qxa5 26. Rxa5 Rcd8 27. Bxd7 Rxd7 28. Rxc5 Rc7 29. Re1 Rhc8 30. b4 Rxc5 31. bxc5 Rc7 32. Re5 g6 33. Nb1 Bc6 34. Nc3 Rd7 35. f3 Kc7 36. Kf2 Kd8 37. Re1 Rc7 38. Re2 Re7 39. Ra2 Rc7 40. Ke3 Ke7 41. Ra6 Kd8 42. Kf4 f6 43. Ke3 Kd7 44. Kd2 Ke7 45. Kc2 Kd7 46. Nd1 Ke7 47. Rb6 Kd7 48. Nc3 Ke7 49. Rb8 Ke6 50. Rg8 Kf7 51. Rd8 Ke6 52. Rd6+ Ke7 53. Nxd5+ 1-0

[Event "35. DSenEM 65+"]
[Site "Bad Wildungen"]
[Date "2023.07.18"]
[Round "2.35"]
[White "Pundt, Wilfried"]
[Black "Otten, Arnold"]
[Result "0-1"]
[WhiteElo "1822"]
[BlackElo "1494"]
[PlyCount "82"]
[EventDate "2023.??.??"]
[WhiteTeam "SK Bremen-Nord"]
[BlackTeam "ESV Rot-Weiss Goettingen"]

1. e4 e6 2. d4 d5 3. e5 c5 4. c3 Nc6 5. Nf3 Nge7 6. Bd3 cxd4 7. cxd4 Nf5 8. Be3 Be7 9. O-O O-O 10. Nc3 Bd7 11. Rc1 Nxe3 12. fxe3 a6 13. Bb1 f6 14. exf6 Bxf6 15. e4 Be8 16. e5 Be7 17. Ne2 Rc8 18. a3 Na5 19. Rxc8 Qxc8 20. b4 Nc4 21. Qb3 b5 22. Rc1 Qd8 23. Qc3 Bh5 24. Kh1 Qe8 25. h3 Bxf3 26. gxf3 Qh5 27. Kg2 Bg5 28. Ng3 Qf7 29. Qd3 g6 30. Re1 Bh4 31. Re2 Qf4 32. Nf1 Rf5 33. Nh2 Qg3+ 34. Kh1 Qxh3 35. Rg2 Rg5 36. Rxg5 Bxg5 37. Ba2 Bf4 38. Qe2 Bxh2 39. Qxh2 Qf1+ 40. Qg1 Qxf3+ 41. Kh2 Ne3 0-1

[Event "35. DSenEM 65+"]
[Site "Bad Wildungen"]
[Date "2023.07.18"]
[Round "2.36"]
[White "Schumacher, Gottfried"]
[Black "Moews, Harald"]
[Result "1-0"]
[WhiteElo "2147"]
[BlackElo "1704"]
[PlyCount "125"]
[EventDate "2023.??.??"]
[WhiteTeam "Bad Neuenahr"]
[BlackTeam "Ahrensburger TSV"]

1. c4 d6 2. d4 e6 3. Nc3 Be7 4. g3 Nf6 5. Bg2 c6 6. e4 O-O 7. f4 Ne8 8. Nf3 Nd7 9. b3 a6 10. a4 Ndf6 11. O-O g6 12. h3 Ng7 13. e5 Nd7 14. g4 h5 15. Ne4 d5 16. Nd6 f5 17. c5 hxg4 18. hxg4 Ne8 19. Ng5 Bxg5 20. fxg5 Kg7 21. Bd2 Nxd6 22. exd6 Rh8 23. b4 Rh4 24. Bf3 Kf7 25. Bf4 Qh8 26. Bg3 Rh3 27. Kg2 Rh7 28. Qd3 Nf8 29. b5 Bd7 30. bxa6 Rxa6 31. Rfb1 Bc8 32. a5 Nd7 33. Qe3 Qd8 34. Re1 Nf8 35. Qd2 Nd7 36. Be2 Ra7 37. Bd3 Qh8 38. Qe3 Nf8 39. Be5 Qg8 40. Bf6 Rh4 41. gxf5 Qh7 42. fxg6+ Nxg6 43. Be5 Rg4+ 44. Kf1 Qh1+ 45. Ke2 Rg2+ 46. Kd1 Qh5+ 47. Kc1 Qxg5 48. Qxg5 Rxg5 49. Kd2 Nxe5 50. Rxe5 Rg4 51. Kc3 Bd7 52. Rh5 Kg8 53. Be2 Rg3+ 54. Kd2 Ra8 55. a6 bxa6 56. Rah1 Be8 57. Rh8+ Kg7 58. R1h7+ Kf6 59. Re7 Bg6 60. Rxa8 Bf5 61. Rf8+ Kg5 62. d7 Kf4 63. Rxe6 1-0

[Event "35. DSenEM 65+"]
[Site "Bad Wildungen"]
[Date "2023.07.18"]
[Round "2.37"]
[White "Wolter, Guenter"]
[Black "Polster, Wolfgang"]
[Result "0-1"]
[WhiteElo "1775"]
[BlackElo "2223"]
[PlyCount "92"]
[EventDate "2023.??.??"]
[WhiteTeam "TSG Neustrelitz"]
[BlackTeam "SV 03/25 Koblenz"]

1. e4 c5 2. Nc3 Nc6 3. g3 g6 4. Bg2 Bg7 5. f4 d6 6. Nf3 Nf6 7. O-O O-O 8. d3 Nd4 9. Ne2 Nxf3+ 10. Bxf3 Bh3 11. Bg2 Qd7 12. f5 Bxg2 13. Kxg2 d5 14. fxg6 hxg6 15. Nc3 dxe4 16. Nxe4 Nd5 17. c3 Rad8 18. Qf3 b6 19. Nf2 Nc7 20. Be3 Ne6 21. Rad1 Qd5 22. Qxd5 Rxd5 23. Rd2 Rfd8 24. Rfd1 f5 25. h4 Bf6 26. Nh3 Kf7 27. Kf3 R5d7 28. Nf4 Nxf4 29. Bxf4 e5 30. Be3 Ke6 31. Ke2 e4 32. Bf4 b5 33. dxe4 Rxd2+ 34. Rxd2 Rxd2+ 35. Kxd2 fxe4 36. b3 c4 37. b4 Kf5 38. Be3 Be5 39. Bxa7 Bxg3 40. a4 bxa4 41. b5 a3 42. Kc2 Ke6 43. b6 Bf2 44. Kb1 Kd7 45. Ka2 Bc5 46. Bb8 Kc6 0-1

[Event "35. DSenEM 65+"]
[Site "Bad Wildungen"]
[Date "2023.07.18"]
[Round "2.38"]
[White "Biller, Helmut"]
[Black "Kramell, Ralph Friedrich Kurt"]
[Result "1/2-1/2"]
[WhiteElo "1980"]
[BlackElo "1765"]
[PlyCount "33"]
[EventDate "2023.??.??"]
[WhiteTeam "SF Frankfurt 1921"]
[BlackTeam "SG 2011 Sennewitz e.V."]

1. d4 Nf6 2. c4 e5 3. dxe5 Ng4 4. Nf3 Nc6 5. Bf4 Bb4+ 6. Nbd2 Qe7 7. a3 Ngxe5 8. Nxe5 Nxe5 9. e3 Bxd2+ 10. Qxd2 d6 11. Be2 O-O 12. O-O b6 13. b4 Bb7 14. Rac1 c5 15. Rfd1 Rad8 16. Qc3 Rfe8 17. Bxe5 1/2-1/2

[Event "35. DSenEM 65+"]
[Site "Bad Wildungen"]
[Date "2023.07.18"]
[Round "2.39"]
[White "Thielemann, Joachim"]
[Black "Kube, Hannelore"]
[Result "1-0"]
[WhiteElo "1727"]
[BlackElo "1916"]
[Annotator "hugo5"]
[PlyCount "106"]
[EventDate "2023.??.??"]
[WhiteTeam "SV Eutin von 1875"]
[BlackTeam "SV Medizin Erfurt"]

1. e4 e5 2. Nc3 Nf6 3. g3 Nc6 4. Bg2 Bc5 5. d3 d6 6. h3 O-O 7. Bg5 h6 8. Bxf6 Qxf6 9. Nf3 Be6 10. O-O Nd4 11. Nxd4 Bxd4 12. Qd2 c6 13. Nd1 Rfd8 14. Kh2 d5 15. c3 Bb6 16. f4 dxe4 17. fxe5 Qxe5 18. d4 Qh5 19. Qf4 Rd7 20. Nf2 Bc7 21. Qxe4 Qg5 22. Nh1 Bd5 23. Qf5 Qxf5 24. Rxf5 Bxg2 25. Kxg2 Re8 26. Raf1 Re2+ 27. R5f2 Rde7 28. Rxe2 Rxe2+ 29. Rf2 Re3 30. Rd2 Kf8 31. Kf2 Re6 32. Kf3 Rf6+ 33. Kg2 Ke7 34. Nf2 Rg6 35. Rd3 Re6 36. c4 Re2 37. Rb3 b6 38. Kf3 Rc2 39. c5 b5 40. Re3+ Kd7 41. Nd3 a5 42. a3 f5 43. g4 f4 44. Re1 g5 45. Re2 Rc4 46. Ke4 Ke6 47. Nf2 Ke7 48. b4 axb4 49. axb4 Rxb4 50. Nd3 Rb1 51. Ne5 Bxe5 52. dxe5 Rh1 53. Kf5 Rxh3 {(Rest nicht nachvollziehbar. 1 : 0 im 66.Zug)} 1-0

[Event "35. DSenEM 65+"]
[Site "Bad Wildungen"]
[Date "2023.07.18"]
[Round "2.40"]
[White "Plewka, Manfred"]
[Black "Krum, Beate"]
[Result "0-1"]
[WhiteElo "1915"]
[BlackElo "1717"]
[PlyCount "102"]
[EventDate "2023.??.??"]
[WhiteTeam "SV VHS Rendsburg"]
[BlackTeam "SG Heidelberg-Kirchheim"]

1. e4 c6 2. d4 d5 3. Nc3 dxe4 4. Nxe4 Nd7 5. Bc4 Ngf6 6. Qf3 e6 7. Bg5 Be7 8. Ne2 Nxe4 9. Bxe7 Qxe7 10. Bd3 Nef6 11. c3 c5 12. Bb5 a6 13. Ba4 O-O 14. O-O Ra7 15. Rad1 b5 16. Bc2 Bb7 17. Qe3 Nd5 18. Qd3 N7f6 19. Qg3 c4 20. Qh4 g6 21. Rfe1 Ne8 22. Qg3 Qf6 23. Be4 Ng7 24. h4 Nh5 25. Qh2 Ndf4 26. Nxf4 Qxf4 27. g3 Qc7 28. Bxb7 Rxb7 29. Re4 Rb6 30. Rde1 b4 31. f4 bxc3 32. bxc3 Rb5 33. R4e2 Rfb8 34. Qf2 Rb1 35. Kh2 Nf6 36. Kh3 Nd5 37. Rxb1 Rxb1 38. Rb2 Rc1 39. Rc2 Ra1 40. Qf3 h5 41. f5 Ne7 42. fxe6 Nf5 43. exf7+ Kxf7 44. Kh2 Kg7 45. Rb2 Kh6 46. Rb7 Qd6 47. Rb2 Re1 48. Rg2 Nxh4 49. Qa8 Nxg2 50. Qh8+ Kg5 51. Kxg2 Qf6 0-1

[Event "35. DSenEM 65+"]
[Site "Bad Wildungen"]
[Date "2023.07.18"]
[Round "2.41"]
[White "Peter, Volkhard"]
[Black "Rache, Ralf"]
[Result "1/2-1/2"]
[WhiteElo "1707"]
[BlackElo "1910"]
[PlyCount "45"]
[EventDate "2023.??.??"]
[WhiteTeam "SV Einheit Schwerin"]
[BlackTeam "Aachener Schachverein 1856 e. V."]

1. e4 g6 2. d4 Bg7 3. Nc3 c5 4. dxc5 Qa5 5. Bd2 Qxc5 6. Bd3 Nf6 7. Qe2 O-O 8. Nf3 Nc6 9. Na4 Qh5 10. h3 Ne5 11. Nxe5 Qxe5 12. f4 Qc7 13. O-O d6 14. Kh1 Bd7 15. Nc3 e6 16. Qf2 a6 17. Rae1 Bc6 18. Be3 b5 19. Bb6 Qb7 20. a3 Nd7 21. Bd4 Nf6 22. e5 dxe5 23. Bxe5 1/2-1/2

[Event "35. DSenEM 65+"]
[Site "Bad Wildungen"]
[Date "2023.07.18"]
[Round "2.42"]
[White "Mann, Klaus-Dieter"]
[Black "Wagner, Guenter"]
[Result "1-0"]
[WhiteElo "1908"]
[BlackElo "1709"]
[PlyCount "83"]
[EventDate "2023.??.??"]
[WhiteTeam "SV Osnabrueck von 1919"]
[BlackTeam "SV 1946 Gross-Gerau"]

1. c4 e5 2. Nc3 f5 3. g3 Nf6 4. Bg2 d6 5. e3 Be7 6. Nge2 O-O 7. d4 Nbd7 8. O-O c6 9. b3 e4 10. h4 Nb6 11. a4 a5 12. Nf4 Bd7 13. Ba3 Qe8 14. Qe2 h6 15. h5 Nh7 16. Ng6 Rf6 17. f3 Rxg6 18. hxg6 Qxg6 19. Qf2 Ng5 20. f4 Ne6 21. Kh2 Kf7 22. Rh1 Qf6 23. Bb2 d5 24. c5 Nc8 25. Kg1 b5 26. axb5 cxb5 27. Nxd5 Qg6 28. Nxe7 Nxe7 29. Bf1 Nd5 30. Be2 Ke7 31. Bh5 Qf6 32. Qe1 Nxc5 33. Rxa5 Rxa5 34. Qxa5 Nxb3 35. Ba3+ b4 36. Bxb4+ Nxb4 37. Qxb4+ Kd8 38. Qxb3 Qc6 39. Qb2 Qa4 40. Kh2 Be8 41. Qb8+ Ke7 42. Qxe8+ 1-0

[Event "35. DSenEM 65+"]
[Site "Bad Wildungen"]
[Date "2023.07.18"]
[Round "2.43"]
[White "Berger, Volkmar"]
[Black "Seidel, Arnold"]
[Result "1-0"]
[WhiteElo "1698"]
[BlackElo "1906"]
[PlyCount "75"]
[EventDate "2023.??.??"]
[WhiteTeam "Schachclub Senioren Cottbus"]
[BlackTeam "SV Kali Wolmirstedt"]

1. d4 d5 2. c4 dxc4 3. Nc3 e5 4. Qa4+ c6 5. dxe5 b5 6. Qc2 Bb7 7. Bd2 Nd7 8. f4 Bc5 9. Nf3 Ne7 10. Ne4 Qb6 11. Nxc5 Qxc5 12. a3 a5 13. b4 cxb3 14. Qxb3 O-O 15. e6 Nb6 16. exf7+ Kh8 17. Ne5 Qd5 18. Qe3 Nd7 19. Nxd7 Qxd7 20. Qb3 Nd5 21. e4 Qe6 22. Bd3 Nxf4 23. Qxe6 Nxe6 24. O-O Rad8 25. Rf3 Nd4 26. Rh3 Nb3 27. e5 Rxd3 28. Rxd3 Nc5 29. Rf3 Ne6 30. Bxa5 c5 31. Rf2 g6 32. Rd1 Nd4 33. Bb6 Ne6 34. Rd6 Bc8 35. Rf6 Kg7 36. Rfxe6 Bxe6 37. Rxe6 Kxf7 38. Rf6+ 1-0

[Event "35. DSenEM 65+"]
[Site "Bad Wildungen"]
[Date "2023.07.18"]
[Round "2.44"]
[White "Wolff, Stefan"]
[Black "Hassler, Rolf"]
[Result "1-0"]
[WhiteElo "1906"]
[BlackElo "1695"]
[PlyCount "107"]
[EventDate "2023.??.??"]
[WhiteTeam "SchVgg Blankenese von 1923 e.V."]
[BlackTeam "Hellertaler Schachfreunde 1954"]

1. c4 f5 2. g3 Nf6 3. Bg2 g6 4. d4 Bg7 5. Nc3 d6 6. Nf3 O-O 7. O-O Qe8 8. Bg5 c6 9. d5 Ne4 10. Nxe4 fxe4 11. Nd4 c5 12. Nb5 Na6 13. Qc2 Bf5 14. Be3 Qd7 15. Nc3 Nb4 16. Qb1 e6 17. Bxe4 Bxe4 18. Qxe4 exd5 19. Nxd5 Rae8 20. Qg2 Nc2 21. Rab1 Qa4 22. Nc7 Re7 23. Qd5+ Kh8 24. Ne6 Rf6 25. Nxg7 Rxg7 26. Bg5 Rf5 27. Qxd6 Rd7 28. Bf6+ Kg8 29. Qe6+ Rf7 30. Bc3 Qd7 31. Qxd7 Rxd7 32. e3 Nb4 33. Bxb4 cxb4 34. Rbd1 Rc7 35. b3 Ra5 36. Rd2 Kf7 37. Rfd1 Ke7 38. f4 Ra3 39. Kf2 a5 40. Ke2 a4 41. Rb2 Rc5 42. Rd5 b6 43. Kd3 axb3 44. axb3 Ra1 45. Ke4 Ke6 46. Rbd2 Rc6 47. g4 Rb1 48. R2d3 Rb2 49. h4 Rg2 50. f5+ gxf5+ 51. gxf5+ Kf6 52. Rd6+ Rxd6 53. Rxd6+ Ke7 54. Rxb6 1-0

[Event "35. DSenEM 65+"]
[Site "Bad Wildungen"]
[Date "2023.07.18"]
[Round "2.45"]
[White "Jacob, Karl-Heinz"]
[Black "Schwarz, Hans"]
[Result "0-1"]
[WhiteElo "1687"]
[BlackElo "1855"]
[PlyCount "90"]
[EventDate "2023.??.??"]
[WhiteTeam "SG 1951 Sonneberg"]
[BlackTeam "SV Rochade Magdeburg 96"]

1. Nf3 e6 2. c4 f5 3. d4 Nf6 4. g3 d5 5. Bg2 c6 6. Qc2 Bd6 7. O-O O-O 8. b3 Ne4 9. Ne5 Nd7 10. f4 Nxe5 11. fxe5 Be7 12. c5 b6 13. cxb6 Qxb6 14. e3 Ba6 15. Rd1 Rac8 16. Nc3 Nxc3 17. Qxc3 c5 18. Qb2 Bg5 19. Qf2 Rc7 20. Ba3 Be7 21. dxc5 Bxc5 22. Bxc5 Qxc5 23. h3 Rfc8 24. g4 fxg4 25. hxg4 Qb4 26. Qf4 Qc3 27. Bf1 Rf7 28. Qd4 Qc6 29. Bxa6 Qxa6 30. Qd2 Rcf8 31. Qg2 Qb6 32. Qe2 Qc7 33. Rf1 Qxe5 34. Rxf7 Rxf7 35. Rf1 Qg3+ 36. Kh1 Rxf1+ 37. Qxf1 Qxe3 38. Qb5 Kf7 39. Qd7+ Kf6 40. Qd8+ Ke5 41. Qc7+ Ke4 42. Qxg7 Kf3 43. Qa1 Qe4 44. Qg1 Ke2+ 45. Kh2 Qf4+ 0-1